Southern Quiz - Statistics

General Stats
  • This quiz has been taken 8 times
  • The average score is 12 of 19
Answer Stats
Hint Answer % Correct
3) Mt Rushmore is located here South Dakota
100%
17) Sea between Indochina and the Philippines South China
86%
15) Area of the globe below the Equator Southern Hemisphere
86%
5) Its capital is Seoul South Korea
86%
10) African country incorporated in 2011 South Sudan
86%
18) Saigon was once the capital of this region South Vietnam
86%
11) Xhosa is an official language here South Africa
71%
6) Adelaide is the capital of this stateDown Under South Australia
71%
1) Constellation on the flags of 5 nations Southern Cross
71%
20) A left handed pitcher is often called this Southpaw
71%
19) Animated cartoon show featuring Eric Cartmanand his friends South Park
57%
16) Area of Chicago where the White Sox play Southside
57%
4) Area of rural GA, AL, MS, LA and SCwhich featured plantations and farms Deep South
43%
2) Popular suburb of Miami known for itsarchitecture and shops South Beach
43%
9) Famous film festival held annually in Austin South by Southwest
29%
8) NCAA conference that includes Alabama,Florida and Auburn Southeastern
29%
12) Region of the above, its capital is Cape Town Southern Cape
29%
7) Prominent research university inDallas, TX Southern Methodist
29%
13) University in Tampa, FL. Its mascot is the Bull South Florida
29%
No matching quizzes found
Score Distribution
Percent of People with Each Score
Percentile by Number Answered
Your Score History
You have not taken this quiz